| 000 | 004430000a22001690004500 | ||
|---|---|---|---|
| 003 | MACL | ||
| 005 | 20160108120800.0 | ||
| 008 | 160108b xxu||||| |||| 00| 0 eng d | ||
| 040 |
_aMACL _cMACL |
||
| 041 | _aEnglish | ||
| 082 | _a910/JOS | ||
| 100 |
_aJoshi, Madan Mohan _929496 |
||
| 245 | _aBastar Indian's Sleeping Glant | ||
| 260 |
_bPeople's Publishing House _c1967 _aNew Delhi |
||
| 650 |
_aGeography _929497 |
||
| 942 |
_cBK _k910/Jos _2ddc |
||
| 999 |
_c35554 _d35554 |
||